00623 2200205 4500001002100000005001500021035002000036007000300056008004100059020002200100082001100122084001700133100002300150245013200173250001000305260004600315300002100361650002100382990001400403INLIS00000000000777020260608083748 a0010-0626000010ta260608 | | ind  a978-623-244-111-8 a155.25 a155.25 KUS b0 aKusharjanti, Rahma1 aBaca Buku ini Saat Engkau Ingin Berubah: Karena Terjebak Kebiasaan Buruk dapat Menghancurkanmu Pelan-Pelan /cRahma Kusharjanti aCet.1 aYogyakarta :bAnak Hebat Indonesia,c2020 a247 hlm ;c21 cm 4aSelf Improvement a5847/2024